<?xml version="1.0" encoding="UTF-8"?>
<record
    xmlns:xsi="http://www.w3.org/2001/XMLSchema-instance"
    xsi:schemaLocation="http://www.loc.gov/MARC21/slim http://www.loc.gov/standards/marcxml/schema/MARC21slim.xsd"
    xmlns="http://www.loc.gov/MARC21/slim">

  <leader>01272nam2a2200277   4500</leader>
  <controlfield tag="001">RU\NLR\bibl\117176</controlfield>
  <controlfield tag="005">20250617094958.0</controlfield>
  <datafield tag="010" ind1=" " ind2=" ">
    <subfield code="a">5-246-00217-9</subfield>
  </datafield>
  <datafield tag="021" ind1=" " ind2=" ">
    <subfield code="a">RU</subfield>
    <subfield code="b">2000-29701</subfield>
    <subfield code="9">1399</subfield>
  </datafield>
  <datafield tag="035" ind1=" " ind2=" ">
    <subfield code="a">(NLR Aleph) 000114752</subfield>
  </datafield>
  <datafield tag="090" ind1=" " ind2=" ">
    <subfield code="a">651909</subfield>
    <subfield code="c">651909</subfield>
  </datafield>
  <datafield tag="100" ind1=" " ind2=" ">
    <subfield code="a">20001110d2000    |||y0rusy50      ca</subfield>
  </datafield>
  <datafield tag="101" ind1="0" ind2=" ">
    <subfield code="a">rus</subfield>
  </datafield>
  <datafield tag="102" ind1=" " ind2=" ">
    <subfield code="a">RU</subfield>
  </datafield>
  <datafield tag="105" ind1=" " ind2=" ">
    <subfield code="a">a   |||||||||</subfield>
  </datafield>
  <datafield tag="200" ind1="1" ind2=" ">
    <subfield code="a">&#x41A;&#x43E;&#x436;&#x442;&#x43E;&#x432;&#x430;&#x440;&#x44B;. &#x41A;&#x43E;&#x436;&#x433;&#x430;&#x43B;&#x430;&#x43D;&#x442;&#x435;&#x440;&#x435;&#x44F;. &#x41E;&#x431;&#x443;&#x432;&#x44C; &#x43A;&#x43E;&#x436;&#x430;&#x43D;&#x430;&#x44F;. &#x41E;&#x431;&#x443;&#x432;&#x44C; &#x432;&#x43E;&#x439;&#x43B;&#x43E;&#x447;&#x43D;&#x430;&#x44F;. &#x41E;&#x431;&#x443;&#x432;&#x44C; &#x440;&#x435;&#x437;&#x438;&#x43D;&#x43E;&#x432;&#x430;&#x44F;. &#x41E;&#x431;&#x443;&#x432;&#x44C; &#x441;&#x43F;&#x43E;&#x440;&#x442;&#x438;&#x432;&#x43D;&#x430;&#x44F;. &#x41E;&#x434;&#x435;&#x436;&#x434;&#x430; &#x43A;&#x43E;&#x436;&#x430;&#x43D;&#x430;&#x44F;. &#x424;&#x443;&#x440;&#x43D;&#x438;&#x442;&#x443;&#x440;&#x430; &#x43E;&#x431;&#x443;&#x432;&#x43D;&#x430;&#x44F;</subfield>
    <subfield code="e">&#x420;&#x43E;&#x441;&#x441;&#x438;&#x44F; &#x438; &#x434;&#x440;. &#x441;&#x442;&#x440;&#x430;&#x43D;&#x44B; &#x421;&#x41D;&#x413;</subfield>
  </datafield>
  <datafield tag="210" ind1=" " ind2=" ">
    <subfield code="d">2000</subfield>
    <subfield code="a">&#x411;. &#x43C;.</subfield>
  </datafield>
  <datafield tag="215" ind1=" " ind2=" ">
    <subfield code="a">311 &#x441;.</subfield>
    <subfield code="c">&#x438;&#x43B;.</subfield>
  </datafield>
  <datafield tag="320" ind1=" " ind2=" ">
    <subfield code="a">&#x410;&#x43B;&#x444;. &#x443;&#x43A;&#x430;&#x437;.: &#x441;. 15-62</subfield>
  </datafield>
  <datafield tag="461" ind1=" " ind2="0">
    <subfield code="1">001RU\NLR\bibl\121912</subfield>
    <subfield code="1">2001#$a&#x411;&#x438;&#x437;&#x43D;&#x435;&#x441;-&#x43A;&#x430;&#x440;&#x442;&#x430; 2000. &#x41A;&#x43E;&#x436;&#x435;&#x432;&#x435;&#x43D;&#x43D;&#x430;&#x44F; &#x438; &#x43E;&#x431;&#x443;&#x432;&#x43D;&#x430;&#x44F; &#x43F;&#x440;&#x43E;&#x43C;&#x44B;&#x448;&#x43B;&#x435;&#x43D;&#x43D;&#x43E;&#x441;&#x442;&#x44C;$v&#x422;. 16</subfield>
    <subfield code="9">679496</subfield>
    <subfield code="c">&#x41C;.</subfield>
    <subfield code="d">2000</subfield>
    <subfield code="n">&#x410;&#x414;&#x418; "&#x411;&#x438;&#x437;&#x43D;&#x435;&#x441;-&#x41A;&#x430;&#x440;&#x442;&#x430;"</subfield>
    <subfield code="o">[&#x414;&#x435;&#x43B;&#x43E;&#x432;&#x44B;&#x435; &#x441;&#x43F;&#x440;&#x430;&#x432;.]</subfield>
    <subfield code="t">&#x411;&#x438;&#x437;&#x43D;&#x435;&#x441;-&#x43A;&#x430;&#x440;&#x442;&#x430; 2000. &#x41A;&#x43E;&#x436;&#x435;&#x432;&#x435;&#x43D;&#x43D;&#x430;&#x44F; &#x438; &#x43E;&#x431;&#x443;&#x432;&#x43D;&#x430;&#x44F; &#x43F;&#x440;&#x43E;&#x43C;&#x44B;&#x448;&#x43B;&#x435;&#x43D;&#x43D;&#x43E;&#x441;&#x442;&#x44C;</subfield>
    <subfield code="v">&#x422;. 16</subfield>
  </datafield>
  <datafield tag="801" ind1=" " ind2="0">
    <subfield code="a">RU</subfield>
    <subfield code="b">NLR</subfield>
    <subfield code="c">20001110</subfield>
    <subfield code="g">PSBO</subfield>
  </datafield>
  <datafield tag="801" ind1=" " ind2="1">
    <subfield code="a">RU</subfield>
    <subfield code="b">NLR</subfield>
    <subfield code="c">20001110</subfield>
  </datafield>
  <datafield tag="852" ind1=" " ind2=" ">
    <subfield code="a">NLR</subfield>
    <subfield code="j">2000-3/13962</subfield>
  </datafield>
  <datafield tag="942" ind1=" " ind2=" ">
    <subfield code="c">BOOK</subfield>
  </datafield>
  <datafield tag="980" ind1=" " ind2=" ">
    <subfield code="a">NB</subfield>
  </datafield>
  <datafield tag="995" ind1=" " ind2=" ">
    <subfield code="5">2000-11-10</subfield>
    <subfield code="a">ad</subfield>
    <subfield code="b">NLR01</subfield>
    <subfield code="c">NLR01</subfield>
    <subfield code="e">RF8</subfield>
    <subfield code="f">80324</subfield>
    <subfield code="k">2000-3/13962</subfield>
    <subfield code="o">0</subfield>
    <subfield code="r">BOOK</subfield>
    <subfield code="s">2000313962_</subfield>
  </datafield>
  <datafield tag="995" ind1=" " ind2=" ">
    <subfield code="5">2000-11-10</subfield>
    <subfield code="a">ad</subfield>
    <subfield code="b">NLR01</subfield>
    <subfield code="c">NLR01</subfield>
    <subfield code="e">RF8</subfield>
    <subfield code="f">80325</subfield>
    <subfield code="k">2000-3/13962</subfield>
    <subfield code="o">0</subfield>
    <subfield code="r">BOOK</subfield>
    <subfield code="s">2000313962_</subfield>
  </datafield>
</record>
